000 00751nam a2200241 a 4500
001 BRCA_7817
005 20190320210016.0
008 171013s1924----gw-a######---#000-0#ger-#
041 _ager
044 _agw
050 4 _aN3620
_b.M45
_c1924
245 1 0 _aMeisterwerke der Offentlichen Kunstsammlung in Basel
_cmiteinleitendem text von Paul Ganz.
260 _aMúnich
_bF. Hanfstaengl
_c1924
300 _a259 p.
_bil., 227 láminas
_c24 cm.
440 0 _aMeisterwerke der bedeutendsten Galerien Europas
_v10
_919361
500 _aY6
610 2 4 _aOffentliche Kunstsammlung (Basilea)
_919362
650 1 4 _aPintura
_zBasilea
_919363
650 1 4 _aGalerías y museos
_zSuiza
_910728
700 1 _aGanz, Paul
_919364
902 _aGFM
942 _2lcc
_cB
999 _c7491
_d7491